书目信息 |
| 题名: |
乒乓球旋转的技巧
|
|
| 作者: | 张博 , 詹丽来 编著 | |
| 分册: | ||
| 出版信息: | 北京 人民体育出版社 2001.05 |
|
| 页数: | 228页 | |
| 开本: | 18cm | |
| 丛书名: | ||
| 单 册: | ||
| 中图分类: | G846.19 | |
| 科图分类: | ||
| 主题词: | 乒乓球运动--Ping Pang Qiu Yun Dong--旋转球--运动技术 | |
| 电子资源: | ||
| ISBN: | 7-5009-2077-6 | |
| 000 | 01172nam0 2200277 450 | |
| 001 | CAL 012001362174 | |
| 005 | 20040716085613.8 | |
| 010 | @a7-5009-2077-6@dCNY12.00 | |
| 099 | @aCAL 012001362174 | |
| 100 | @a20041222d2001 ekmy0chiy0120 ea | |
| 101 | 0 | @achi |
| 102 | @aCN@b110000 | |
| 105 | @aa a 000yy | |
| 200 | 1 | @a乒乓球旋转的技巧@APing Pang Qiu Xuan Zhuan De Ji Qiao@f张博,詹丽来编著@Fzhang bo,zhan li lai bian zhu |
| 210 | @a北京@c人民体育出版社@d2001.05 | |
| 215 | @a228页@c图@d18cm | |
| 330 | @a乒乓球的旋转,是一项重要的技术。如果能很好地掌提乒乓球的旋转技巧,就有战胜对手百分之八十的把握。本书从旋转球的产生及发展趋势;球旋转的原因、轴、种类及性质;怎样发、击旋转球;怎样回接旋转球这四个方面来讲述乒乓球旋转的技巧,其中有许多内容是作者从事多年乒乓球运动的实践经验。读者如能很好掌握其中的技巧,将会大大提高乒乓球运动的技术水平。 | |
| 333 | @a乒乓球运动爱好者、工作者。 | |
| 606 | 0 | @a乒乓球运动@APing Pang Qiu Yun Dong@x旋转球@x运动技术 |
| 690 | @aG846.19@v4 | |
| 701 | 0 | @a张博@Azhang bo@4编著 |
| 701 | 0 | @a詹丽来@Azhan li lai@4编著 |
| 801 | 0 | @aCN@bBUA@c20041222 |
| 905 | @aBZT@dG846.19@e6@f6 | |
| 906 | @dCNY12.00@n0@r1 | |
| 998 | @aBUA | |
| 乒乓球旋转的技巧/张博,詹丽来编著.-北京:人民体育出版社,2001.05 |
| 228页:图;18cm |
| 使用对象:乒乓球运动爱好者、工作者。 |
| ISBN 7-5009-2077-6:CNY12.00 |
| 乒乓球的旋转,是一项重要的技术。如果能很好地掌提乒乓球的旋转技巧,就有战胜对手百分之八十的把握。本书从旋转球的产生及发展趋势;球旋转的原因、轴、种类及性质;怎样发、击旋转球;怎样回接旋转球这四个方面来讲述乒乓球旋转的技巧,其中有许多内容是作者从事多年乒乓球运动的实践经验。读者如能很好掌握其中的技巧,将会大大提高乒乓球运动的技术水平。 |
| ● |
| 相关链接 |
|
|
|
正题名:乒乓球旋转的技巧
索取号:G846.19/6
 
预约/预借
| 序号 | 登录号 | 条形码 | 馆藏地/架位号 | 状态 | 备注 |
| 1 | 0376715 | 200887406 | 样本书库/样006架B面3层3列/ [索取号:G846.19/6] | 在馆 | |
| 2 | 0376717 | 200887380 | 中心书库北库/ 北库025架B面2列3层23/ [索取号:G846.19/6] | 在馆 | |
| 3 | 0376718 | 200887399 | 中心书库北库/ 北库025架B面2列3层25/ [索取号:G846.19/6] | 在馆 | |
| 4 | 0376719 | 200887362 | 中心书库北库/ 北库025架B面2列3层22/ [索取号:G846.19/6] | 在馆 | |
| 5 | 0376720 | 200887371 | 中心书库北库/ 北库025架B面2列3层24/ [索取号:G846.19/6] | 在馆 |